Un paraguas para dos /
Guardado en:
| Autor Principal: | |
|---|---|
| Formato: | Libro |
| Publicado: |
Buenos Aires :
Tu llave, s/f
|
| Materias: | |
| Etiquetas: |
Agregar Etiqueta
Sin Etiquetas, Sea el primero en etiquetar este registro!
|
| LEADER | 01059nam a22002295a 4500 | ||
|---|---|---|---|
| 001 | CEM.cems013416 | ||
| 005 | 20100915091316.0 | ||
| 008 | 130507b######################000#0#####d | ||
| 003 | CEMS | ||
| 020 | |a 9507060138 | ||
| 082 | 0 | 4 | |a A868.4 |
| 100 | 1 | |a Novoa, Mora | |
| 245 | 1 | 0 | |a Un paraguas para dos / |c Mora Novoa |
| 260 | |a Buenos Aires : |b Tu llave, s/f | ||
| 300 | |a 110 p. | ||
| 505 | 0 | |a El viaje de bodas -- El suicida -- El luto -- La caja de bombones -- La bufanda blanca -- El heladero -- Esos ojos -- Un paraguas para dos -- Bahía Blanca y la sirena -- La tormenta -- La condición -- La absolución -- La vieja curandera -- Los habitantes? -- El álbum -- Eros y Tanathos -- Una noche de diciembre -- Soledad -- La cacería -- S.O.S. -- Un resorte desvencijado -- La carta de las confesiones | |
| 653 | |a Literatura | ||
| 653 | |a Literatura argentina-siglo 20 | ||
| 653 | |a Cuentos | ||
| 653 | |a Cuento argentino | ||
| 859 | |a CEMS |b BIB. CEMS - 11 de abril |h A868.4 |i N859 |p 16437.91 |t Ej.1 | ||
| 859 | |a CEMS |b BIB. CEMS - 11 de abril |h A868.4 |i N859 |p 16438.91 |t Ej.2 | ||
